Corredores: producción agropecuaria, rama de actividad, empleo, ingresos, migración estacional, inmigración

Salvato in:
Dettagli Bibliografici
Ente Autore: Instituto de Fomento y Asesoría Municipal (Costa Rica)
Natura: testo
Pubblicazione: San José :
Tags: Aggiungi Tag
Nessun Tag, puoi essere il primo ad aggiungerne!!

MARC

LEADER 00000 a a2200000 04500
001 16557
003
040
090 |a EXTRAVIADO  
110 |a Instituto de Fomento y Asesoría Municipal (Costa Rica)  
245 |a Corredores: producción agropecuaria, rama de actividad, empleo, ingresos, migración estacional, inmigración  
260 |a San José :  
300 |a 13 p.  
999 |c 14267  |d 14267